Repensando la responsabilidad precontractual en el civil law y el common law : culpa in contrahendo, promissory estoppel y la misrepresentation como pilares jurídicos. 1 /

Guardado en:
Autor Principal: Lizárraga Ugarte, William R.
Formato: Libro
Idioma:Undetermined
Publicado: Lima : Fondo Editorial Lizarraga Law Firm, 2024.
Edición:1a. ed.
Materias:
Etiquetas: Agregar Etiqueta
Sin Etiquetas, Sea el primero en etiquetar este registro!
LEADER 00652nam a22001575a 4500
001 DER.der015717
008 260414s2024####xx############000#0#und#d
005 20260414131839.0
245 1 0 |a Repensando la responsabilidad precontractual en el civil law y el common law :  |b culpa in contrahendo, promissory estoppel y la misrepresentation como pilares jurídicos.  |n 1 /  |c William R. Lizárraga Ugarte. 
250 |a 1a. ed. 
260 |a Lima :  |b Fondo Editorial Lizarraga Law Firm,  |c 2024. 
300 |a 447 p. 
020 |a 9798218984250 
100 1 |a Lizárraga Ugarte, William R. 
650 7 |a RESPONSABILIDAD CIVIL 
859 |a DERECHO  |b BIB. DERECHO  |h 346.022  |i LIZ  |p 0010803  |3 TomoI